| 000 | 00869nam2a2200253 4500 | ||
|---|---|---|---|
| 001 | RU\NLR\bibl\1879955 | ||
| 005 | 20250616193537.0 | ||
| 010 |
_a978-5-699-54485-1 _94000 |
||
| 021 |
_aRU _b2012-36и |
||
| 035 | _a(NLR Aleph) 001869730 | ||
| 090 |
_a2644524 _c2644524 |
||
| 100 | _a20120315d2012 |||y0rusy50 ca | ||
| 101 | 1 |
_arus _cund |
|
| 102 | _aRU | ||
| 105 | _aa ||||||||| | ||
| 200 | 0 | _a[Кн.] 5 | |
| 210 |
_d2012 _aБ. м. |
||
| 215 |
_a189, [5] с. _cил. |
||
| 461 | 0 |
_1001RU\NLR\bibl\1783901 _12001#$aКорзинка фруктов$v[Кн.] 5 _91659482 _cМосква _d2010 _fтекст и рис.: Нацуки Такая _nЭксмо _o[манга в оригинальном формате] _tКорзинка фруктов _v[Кн.] 5 |
|
| 801 | 0 |
_aRU _bNLR _c20120315 _gRCR |
|
| 801 | 1 |
_aRU _bNLR _c20120315 |
|
| 942 | _cBOOK | ||
| 980 | _aNB | ||